000 00539nam a2200181 i 4500
001 149586
003 ES-MaACL
005 20230906203149.0
007 t|
008 071023s1966 sp ||||1| spa d
100 1 _aVasari, Giorgio (
_d1511-1574)
_9113257
245 1 0 _aVida de grandes artistas /
_cVasari ; [traducción A. Espina].
260 _aMadrid :
_b[s.n.],
_c1966.
300 _a242 p. ;
_c19 cm.
650 4 _aArtistas-
_zItalia-
_xBiografías.
_9161449
700 1 _aEspina, A.
_947831
852 _aES-MaACL
_jG-15910
_bR.62014
999 _c149586
_d149586